Encyclopedia of best quotations / (Record no. 56165)

MARC details
000 -LEADER
fixed length control field 00816nam a2200217 4500
005 - DATE AND TIME OF LATEST TRANSACTION
control field 20110901151041.0
010 ## - LCCN (DPL NO)
LC control number G-001315
020 ## - INTERNATIONAL STANDARD BOOK NUMBER
Terms of availability 495.00
035 ## - SYSTEM CONTROL NUMBER
System control number G-001315
037 ## - SOURCE OF ACQUISITION
Source of stock number/acquisition Gift
082 ## - DEWEY DECIMAL CLASSIFICATION NUMBER
Classification number 808.882
245 ## - TITLE STATEMENT
Title Encyclopedia of best quotations /
Statement of responsibility, etc edited by Shruit Jain
260 ## - PUBLICATION, DISTRIBUTION, ETC. (IMPRINT)
Place of publication, distribution, etc Chandigarh
Name of publisher, distributor, etc Unistar Books
Date of publication, distribution, etc 2006
270 ## - ADDRESS
Address S.C.O, 26-27, Sector 43A,
City Chandigarh
Postal code 160022
300 ## - PHYSICAL DESCRIPTION
Extent 339p.
Dimensions 22cm (Hb)
490 ## - SERIES STATEMENT
Series statement Fine words-I wonder where you stole them
-- 34097
700 ## - ADDED ENTRY--PERSONAL NAME
Personal name Jain, Shruti
9 (RLIN) 34095
942 ## - ADDED ENTRY ELEMENTS (KOHA)
Source of classification or shelving scheme Dewey Decimal Classification
Item type English Books
Call number suffix ENC
Classification part 808.882
Holdings
Withdrawn status Lost status Not for loan Collection code Home library Current library Date acquired Source of acquisition Cost, normal purchase price Full call number Barcode Copy number Cost, replacement price Koha item type
      Non-fiction Janak Puri Janak Puri 01/09/2011 gift 495.00 808.882 ENC G-001315 1 495.00 English Books

© Delhi Public Library
Hit Counter
free hit counter